Normal view MARC view
  • Farming

Entry Topical Term

Number of records used in: 2

001 - CONTROL NUMBER

  • control field: 21982

003 - CONTROL NUMBER IDENTIFIER

  • control field: OSt

005 - DATE AND TIME OF LATEST TRANSACTION

  • control field: 20240316124604.0

008 - FIXED-LENGTH DATA ELEMENTS

  • fixed length control field: 240316|| aca||aabn | a|a d

040 ## - CATALOGING SOURCE

  • Original cataloging agency: OSt
  • Transcribing agency: OSt

150 ## - HEADING--TOPICAL TERM

  • Topical term or geographic name as entry element: Farming

670 ## - SOURCE DATA FOUND

  • Source citation: Work cat.: (OSt): Reijntjes Coen Coen Reijntjes 21981, Farming for the future : , 1992

Archbishop Kiwanuka Memorial Library | Uganda Martyrs University P.O. Box : 5498 Kampala, Uganda
Tel : +256-(0) 382-277-901 or +256-(0) 382-410-611 / E-mail : library@umu.ac.ug